Cirkular Economy and Its Challenges

Historický vývoj a teoretické základy obehového hospodárstva s osobitným zameraním na úlohu súkromných investícií. Vzťah medzi súkromnými investíciami do obehového hospodárstva a mierou recyklácie komunálneho odpadu, ako aj vzťah medzi týmito investíciami a produkciou komunálneho odpadu v krajinách...

Descrizione completa

Salvato in:
Dettagli Bibliografici
Autore principale: Hrušovská, Dana, 1964-
Altri autori: Labudová, Viera, 1958-
Natura: Capitolo di libro
Lingua:inglese
Soggetti:
Tags: Aggiungi Tag
Nessun Tag, puoi essere il primo ad aggiungerne!!

MARC

LEADER 00000naa a2200000 4500
001 0311800
005 20250807091924.8
041 0 |a eng 
044 |a CZ 
245 1 0 |a Cirkular Economy and Its Challenges  |c Dana Hrušovská, Viera Labudová 
520 |a Historický vývoj a teoretické základy obehového hospodárstva s osobitným zameraním na úlohu súkromných investícií. Vzťah medzi súkromnými investíciami do obehového hospodárstva a mierou recyklácie komunálneho odpadu, ako aj vzťah medzi týmito investíciami a produkciou komunálneho odpadu v krajinách EÚ27. 
610 2 0 |a hospodárstvo obehové 
610 2 0 |a odpad komunálny 
610 2 0 |a investovanie 
610 2 0 |a recyklácia odpadu 
610 2 0 |a analýza dát panelových 
100 1 |a Hrušovská, Dana, 1964- 
700 1 |a Labudová, Viera, 1958-